Baseball Players With the Highest Career WAR - Statistics

General Stats
  • This quiz has been taken 30 times
  • The average score is 8 of 10
Answer Stats
Hint Answer % Correct
Yankees/Redsox Babe Ruth
96%
Braves Hank Aaron
96%
Giants Willie Mays
96%
Senators Walter Johnson
92%
Giants Barry Bonds
88%
Cardinals Stan Musial
84%
Tigers Ty Cobb
76%
Pirates Honus Wagner
72%
Red Sox Roger Clemens
72%
Red Sox Cy Young
68%
No matching quizzes found
Score Distribution
Percent of People with Each Score
Percentile by Number Answered
Your Score History
You have not taken this quiz